Pokémon- L'attaque la plus puissante de chaque type - Statistiques

Statistiques générales
  • Ce quiz a été pris 43 fois
    33 depuis la dernière actualisation
  • Le résultat moyen est 10 sur 18
Statistiques - réponses
Type de quiz Attaque la plus puissante % Correct
Normal Explosion
96%
Eau Hydroblast/Giclédo
78%
Feu Coup Victoire
74%
Plante Végé-Attaque
74%
Poison Détricanon/Eructation
61%
Glace Feu Glacé/Eclair Gelé
61%
Roche Fracass-Tête/Roc-Boulet
61%
Sol Assaut Frontal/Lame Pangéenne
57%
Insecte Mégacorne
57%
Vol Piqué
57%
Spectre Revenant/Eclat Spectral
57%
Electrik Charge Foudre/Fulgurayon
52%
Combat Joute Astrale/Mitra-Poing
52%
Fée Lumière du Néant
43%
Psy Laser Prisme
35%
Dragon Laser Infinimax
30%
Acier Marteau Mastoc
30%
Ténèbres Roue Libre
26%
Aucun quiz correspondant
Distribution des résultats
% des personnes avec chaque résultat
Percentile par nombre de réponses
Votre historique - résultats
Vous n’avez pas pris ce quiz depuis la dernière actualisation